The Death of Abenomics: Japan’s Road to “New Capitalism”
Takmer desaťročie v Japonsku dominovala Abenomika, ktorá bola synonymom boja proti prebiehajúcej stratenej dekáde. Aj po odchode premiéra Abeho nová vláda vedená Yoshihide Suga pokračovala v ekonomických reformách. S príchodom premiéra Fumia Kishidu sa však hospodárska politika Japonska mení. Príspe...
Salvato in:
| Autore principale: | |
|---|---|
| Natura: | Capitolo di libro |
| Lingua: | inglese |
| Soggetti: | |
| Tags: |
Nessun Tag, puoi essere il primo ad aggiungerne!!
|
MARC
| LEADER | 00000naa$a2200000$$$4500 | ||
|---|---|---|---|
| 001 | 0298569 | ||
| 005 | 20240502074527.2 | ||
| 041 | 0 | |a eng | |
| 044 | |a SK | ||
| 245 | 1 | 0 | |a The Death of Abenomics: Japan’s Road to “New Capitalism” |c Kristína Baculáková |
| 520 | |a Takmer desaťročie v Japonsku dominovala Abenomika, ktorá bola synonymom boja proti prebiehajúcej stratenej dekáde. Aj po odchode premiéra Abeho nová vláda vedená Yoshihide Suga pokračovala v ekonomických reformách. S príchodom premiéra Fumia Kishidu sa však hospodárska politika Japonska mení. Príspevok mapuje skutočné výsledky abenomiky ako východiska pre novú vládu a definuje základné piliere nového kapitalizmu v Japonsku. | ||
| 610 | 2 | 0 | |a politika hospodárska |
| 610 | 2 | 0 | |a kapitalizmus |
| 610 | 2 | 0 | |a Japonsko |
| 100 | 1 | |a Baculáková, Kristína, 1988- | |